Summary proceedings of the fifty-sixth annual meeting of the Board of Governors september 29, 2002

Salvato in:
Dettagli Bibliografici
Natura: Libro
Lingua:inglese
Pubblicazione: Washington IMF 2002
Soggetti:
Tags: Aggiungi Tag
Nessun Tag, puoi essere il primo ad aggiungerne!!

MARC

LEADER 00000nam$a2200000$$$4500
001 0003442
005 20221221101227.1
020 |a 1-58906-288-4 
041 0 |a eng 
044 |a US 
245 1 0 |a Summary proceedings of the fifty-sixth annual meeting of the Board of Governors  |b september 29, 2002 
264 1 |a Washington  |b IMF  |c 2002 
300 |a 321 s. 
610 2 0 |a Medzinárodný menový fond 
610 2 0 |a banky 
610 2 0 |a situácia hospodárska 
610 2 0 |a globalizácia hospodárstva 
610 2 0 |a politika hospodárska medzinárodná 
610 2 0 |a politika finančná 
610 2 0 |a politika peňažná 
610 2 0 |a reformy 
610 2 0 |a liberalizácia